| 000 | 00692nam a22002177a 4500 | ||
|---|---|---|---|
| 005 | 20251108164144.0 | ||
| 008 | 250721s1988 xx 000 0 ara d | ||
| 082 | 1 | 4 | _a956.56251/شقي |
| 100 | 1 | _aشقيرات، أحمد صدقي | |
| 245 | 1 | 0 | _aالمسجد الزيداني في تبنة / |
| 264 | 1 |
_aعمان : _bالؤلف، _c1988. |
|
| 300 | _a149ص | ||
| 500 | _aكتاب مركز الحسين الذي يحمل باركود رقم PLD00080875 له رقم متسلسل هو 27758 لكنه مكرر . | ||
| 650 | 1 | 7 | _aشقي |
| 650 | 1 | 7 | _aالأردن |
| 650 | 1 | 7 | _aالمساجد |
| 650 | 1 | 7 | _aالمآذن |
| 650 | 1 | 7 | _aالتاريخ |
| 942 |
_2ddc _cBK |
||
| 999 |
_c5020 _d5020 |
||